MARC details
| 000 -CABECERA |
| campo de control de longitud fija |
01253nam a2200241 a 4500 |
| 001 - NÚMERO DE CONTROL |
| campo de control |
000047722 |
| 005 - FECHA Y HORA DE LA ÚLTIMA TRANSACCIÓN |
| campo de control |
20260212111435.0 |
| 008 - DATOS DE LONGITUD FIJA--INFORMACIÓN GENERAL |
| campo de control de longitud fija |
081117s2015 dr l o001 0 spa d |
| 040 ## - FUENTE DE LA CATALOGACIÓN |
| Centro catalogador/agencia de origen |
DO-SdBNP |
| Lengua de catalogación |
spa |
| Centro/agencia transcriptor |
BNPHU |
| 082 ## - NÚMERO DE LA CLASIFICACIÓN DECIMAL DEWEY |
| Número de clasificación |
344.729302 |
| Número de documento/Ítem |
R426reg, 2015 |
| 110 1# - ENTRADA PRINCIPAL--NOMBRE DE ENTIDAD CORPORATIVA |
| Nombre de entidad corporativa o nombre de jurisdicción como elemento de entrada |
República Dominicana. |
| 9 (RLIN) |
447 |
| 240 10 - TÍTULO UNIFORME |
| Título uniforme |
[Reglamentos,etc.] |
| 245 10 - MENCIÓN DE TÍTULO |
| Título |
Reglamento del régimen subsidiado modificado : |
| Resto del título |
aprobado mediante resolución del CNSS no. 29-06 d/f 29/03/12, decreto no. 136-13 d/f 02/10/13. |
| 260 ## - PUBLICACIÓN, DISTRIBUCIÓN, ETC. |
| Lugar de publicación, distribución, etc. |
Santo Domingo : |
| Nombre del editor, distribuidor, etc. |
CNSS, |
| Fecha de publicación, distribución, etc. |
2015. |
| 300 ## - DESCRIPCIÓN FÍSICA |
| Extensión |
59 p. ; |
| Dimensiones |
22 cm. |
| 505 0# - NOTA DE CONTENIDO CON FORMATO |
| Nota de contenido con formato |
Introducción -- |
| Título |
Aspectos generales -- |
| -- |
Beneficiarios y prestaciones -- |
| -- |
Decretos y deberes -- |
| -- |
Traspasos de regímenes de financiamientos -- |
| -- |
Financiamiento del régimen subcidiado -- |
| -- |
Seguro familiar de salud del régimen subsidiado -- |
| -- |
Seguro de vejez, discapacidad y sobrevivencia del régimen subsidiado -- |
| -- |
Beneficiarios y prestaciones. |
| 590 ## - NOTA LOCAL (RLIN) |
| Nota local |
Inventariado, 2018/VM |
| 650 #4 - PUNTO DE ACCESO ADICIONAL DE MATERIA--TÉRMINO DE MATERIA |
| Término de materia o nombre geográfico como elemento de entrada |
Seguridad social |
| Subdivisión general |
Legislación |
| Subdivisión geográfica |
República Dominicana |
| 9 (RLIN) |
14351 |
| 650 #0 - PUNTO DE ACCESO ADICIONAL DE MATERIA--TÉRMINO DE MATERIA |
| Término de materia o nombre geográfico como elemento de entrada |
Legislación social |
| 9 (RLIN) |
1149 |
| 650 #0 - PUNTO DE ACCESO ADICIONAL DE MATERIA--TÉRMINO DE MATERIA |
| Término de materia o nombre geográfico como elemento de entrada |
Pensiones |
| 9 (RLIN) |
44832 |
| 650 #4 - PUNTO DE ACCESO ADICIONAL DE MATERIA--TÉRMINO DE MATERIA |
| Término de materia o nombre geográfico como elemento de entrada |
Política social |
| Subdivisión geográfica |
República Dominicana |
| 9 (RLIN) |
11024 |
| 710 2# - PUNTO DE ACCESO ADICIONAL--NOMBRE DE ENTIDAD CORPORATIVA |
| Nombre de entidad corporativa o nombre de jurisdicción como elemento de entrada |
Consejo Nacional de Seguridad Social (República Dominicana) |
| 9 (RLIN) |
63839 |